Лоббизм в публичном управлении: практикум

Detalles Bibliográficos
Autor Principal: Савельев Д. Л. Дмитрий Леонидович
Corporate Authors: Тюменский государственный университет (ТюмГУ) Институт государства и права (ИГиП), Тюменский государственный университет (ТюмГУ) Центр трансляции и экспорта образовательных программ
Summary:Практикум включает планы семинарских занятий, практические задания, ситуационные задачи и методические рекомендации по курсу «Лоббизм в публичном управлении». Предназначен для использования в учебном процессе студентами специальности «Государственное и муниципальное управление». Может представлять интерес для аспирантов, преподавателей, работников органов государственной власти и местного самоуправления, представителей общественно-политических организаций. Подготовлено в рамках проекта «Формирование инновационного научно-образовательного комплекса Тюменского государственного университета для обеспечения эффективности природопользования в условиях интенсивного освоения ресурсов Западной Сибири».
Idioma:ruso
Publicado: Тюмень, Изд-во Тюменского ГУ, 2007
Series:Приоритетные национальные проекты "Оборудование"
Subjects:
Formato: MixedMaterials Libro
KOHA link:https://koha.lib.tpu.ru/cgi-bin/koha/opac-detail.pl?biblionumber=160303

MARC

LEADER 00000nam0a2200000 4500
001 160303
005 20231031155533.0
010 |a 9785880817894 
035 |a (RuTPU)RU\TPU\book\173839 
090 |a 160303 
100 |a 20090520d2007 m y0rusy50 ca 
101 0 |a rus 
102 |a RU 
105 |a y j 001zy 
200 1 |a Лоббизм в публичном управлении  |e практикум  |f Д. Л. Савельев  |g Тюменский государственный университет (ТюмГУ), Институт государства и права (ИГиП) ; Тюменский государственный университет (ТюмГУ), Центр трансляции и экспорта образовательных программ 
210 |a Тюмень  |c Изд-во Тюменского ГУ  |d 2007 
215 |a 160 с. 
225 1 |a Приоритетные национальные проекты "Оборудование" 
320 |a Библиогр.: с. 158-159. 
330 |a Практикум включает планы семинарских занятий, практические задания, ситуационные задачи и методические рекомендации по курсу «Лоббизм в публичном управлении». Предназначен для использования в учебном процессе студентами специальности «Государственное и муниципальное управление». Может представлять интерес для аспирантов, преподавателей, работников органов государственной власти и местного самоуправления, представителей общественно-политических организаций. Подготовлено в рамках проекта «Формирование инновационного научно-образовательного комплекса Тюменского государственного университета для обеспечения эффективности природопользования в условиях интенсивного освоения ресурсов Западной Сибири». 
606 1 |a Государственное управление  |y Россия  |x Административное право  |2 stltpush  |3 (RuTPU)RU\TPU\subj\8371 
610 1 |a право 
610 1 |a административное право 
610 1 |a лоббизм 
610 1 |a публичное управление 
610 1 |a практикумы 
610 1 |a семинарские занятия 
610 1 |a Российская Федерация 
610 1 |a учебные пособия 
686 |a Х621я73  |v LBC/SL-A  |2 rubbk 
700 1 |a Савельев  |b Д. Л.  |g Дмитрий Леонидович 
712 0 2 |a Тюменский государственный университет (ТюмГУ)  |b Институт государства и права (ИГиП)  |2 stltpush  |3 (RuTPU)RU\TPU\col\14643 
712 0 2 |a Тюменский государственный университет (ТюмГУ)  |b Центр трансляции и экспорта образовательных программ  |2 stltpush  |3 (RuTPU)RU\TPU\col\14644 
801 1 |a RU  |b 63413507  |c 20090520  |g PSBO 
801 2 |a RU  |b 63413507  |c 20230314  |g PSBO 
900 |a Государственное и муниципальное управление 
900 |a Государственное и региональное управление 
942 |c BK